00000000nam##2200000za#4500
0019.536862
003CaOODSP
00520210615084507
007ta
008150406|2002||||xxc|||||     f|0| 0 eng|d
020 |a0-660-62128-2
040 |aCaOODSP|beng
041 |aeng
041 |afre
043 |an-cn---
0861 |aBT31-4/8-2002
1101 |aCanada. |bTreasury Board.
24510|aNational Parole Board
260 |aOttawa - Ontario : |bTreasury Board of Canada Secretariat |c2002.
300 |a27p. : |bgraphs, tables ; |c28 cm.
4901 |aPerformance report for the period ending March 31, 2002
500 |aIncorrect catalogue number (BT31-4/34-2002) and ISBN (0-660-62104-5) printed in this publication.
563 |aSoftcover
590 |a02-46|b2002-11-15
69007|aEstimates|2gcpds
69007|aFederal institutions|2gcpds
69007|aParole|2gcpds
7760#|tNational Parole Board, performance report for the period ending March 31, 2002 |w(CaOODSP)9.572923
7760#|tCommission nationale des libérations conditionnelles, rapport sur le rendement pour la période se terminant le 31 mars 2002 |w(CaOODSP)9.603168
792 |tCommission nationale des libérations conditionnelles |efre|w(CaOODSP)9.536863
830#0|aPerformance report for the period ending March 31, 2002.|w(CaOODSP)9.510738